LIBRARY & INFORMATION CENTRE, KCAET, TAVANUR

ONLINE PUBLIC ACCESS CATALOGUE (OPAC)

Post-harvest management of horticultural crops (Record no. 13910)

MARC details
000 -LEADER
fixed length control field 00334nam a22001337a 4500
020 ## - INTERNATIONAL STANDARD BOOK NUMBER
ISBN 9789327216493
082 ## - DEWEY DECIMAL CLASSIFICATION NUMBER
Classification number 631.56
Item number PAN/PO
100 ## - MAIN ENTRY--AUTHOR NAME
Personal name Pandey, Sadhna
245 ## - TITLE STATEMENT
Title Post-harvest management of horticultural crops
260 ## - PUBLICATION, DISTRIBUTION, ETC. (IMPRINT)
Place of publication Ludhiana
Name of publisher Kalyani Publishers
Year of publication 2011
700 ## - ADDED ENTRY--PERSONAL NAME
Personal name Pandey,S.N
700 ## - ADDED ENTRY--PERSONAL NAME
Personal name Pandey,P.H
942 ## - ADDED ENTRY ELEMENTS (KOHA)
Koha item type Books
Holdings
Withdrawn status Lost status Damaged status Collection code Home library Current library Shelving location Date acquired Source of acquisition Cost, normal purchase price Full call number Accession Number Koha item type
      Non-fiction KAUAET KAUAET General Stacks 30/03/2013 Minerva Books 295.00 631.56 PAN/PO 23799 Books
free website counter